000 00563nam a2200205Ia 4500
001 b787-24518 [3353]
003 IT-MiCISF
008 161014s9999||||xx |||||||||||||| ||und||
040 _aIT-MiCISF
_cIT-MiCISF
041 _ait
100 _aCastaldi Serena
245 0 _aFemminile pateriale
_bVicende del femminino fra matriarcato e patriarcato
250 _a1a ed.
260 _a Milano
_bVangelista
_c1978
300 _app. 150
500 _a / donna, femminismo, identità-femminile /
650 _adonna
942 _cBK
957 _71
999 _a24518
_bsi
_g1
_c209651
_d209651